Cinco Familias de Nueva York - Estadísticas

Estadísticas generales
  • Esta prueba ha sido intentada 10 veces
  • La puntuación promedio es 3 de 5
Estadísticas de respuestas
Respuesta % Correcto
Gambino
78%
Genovese
56%
Bonanno
44%
Colombo
44%
Lucchese
33%
No se encontraron pruebas coincidentes
Distribución de puntuación
Porcentaje de gente con cada puntuación
Porcentaje por número respondido
Historial de tus puntuaciones
No has intentado esta prueba.